LIBRARY & INFORMATION CENTRE, KCAET, TAVANUR

ONLINE PUBLIC ACCESS CATALOGUE (OPAC)

Refrigeration and air conditioning / (Record no. 1652)

MARC details
000 -LEADER
fixed length control field 00630cam a2200253ua 4500
041 ## - LANGUAGE CODE
Language code of text/sound track or separate title eng
082 ## - DEWEY DECIMAL CLASSIFICATION NUMBER
Classification number 697.93
Item number STO/RE
100 ## - MAIN ENTRY--AUTHOR NAME
Personal name Stoecker, W.F .
245 ## - TITLE STATEMENT
Title Refrigeration and air conditioning /
250 ## - EDITION STATEMENT
Edition statement 2 /
260 ## - PUBLICATION, DISTRIBUTION, ETC. (IMPRINT)
Place of publication New Delhi :
Name of publisher Tata Mc-Graw Hill Publishing Company ,
Year of publication 1982.
300 ## - PHYSICAL DESCRIPTION
Number of Pages 443 ; .
700 1# - ADDED ENTRY--PERSONAL NAME
Personal name Jones, J.W .
942 ## - ADDED ENTRY ELEMENTS (KOHA)
Koha item type Books
Holdings
Withdrawn status Lost status Damaged status Home library Current library Date acquired Full call number Accession Number Koha item type
      KAUAET KAUAET 07/04/2012 697.93 14560 Books
      KAUAET KAUAET 12/02/1986 697.93 14887 Books
      KAUAET KAUAET 07/04/2012 697.93 14564 Books
      KAUAET KAUAET 07/04/2012 697.93 14563 Books
      KAUAET KAUAET 07/04/2012 697.93 14561 Books
      KAUAET KAUAET 07/04/2012 697.93 14562 Books
free website counter